000 00194 a2200097 4500
020 _a9788498200638
041 _aspa
100 _aCassan, Fabian
245 _aTecnicas de relajacion
942 _cBK
999 _c30935
_d30933